盡信醫不如無醫 / (Record no. 7644)

MARC details
000 -LEADER
fixed length control field 00735cam a2200253 ib4500
001 - CONTROL NUMBER
control field 2445959
003 - CONTROL NUMBER IDENTIFIER
control field YEEZEN
005 - DATE AND TIME OF LATEST TRANSACTION
control field 20250701144349.0
008 - FIXED-LENGTH DATA ELEMENTS--GENERAL INFORMATION
fixed length control field 240523s2024 ch a g 000 0 chi d
020 ## - INTERNATIONAL STANDARD BOOK NUMBER
International Standard Book Number 9786267296462
Qualifying information (平裝) :
Terms of availability NT$280
040 ## - CATALOGING SOURCE
Original cataloging agency TCPL
Language of cataloging chi
Transcribing agency TCPL
Modifying agency TCPL
Description conventions ccr
042 ## - AUTHENTICATION CODE
Authentication code nbic
084 ## - OTHER CLASSIFICATION NUMBER
Classification number 410.1619
Number source ncsclt
090 ## - LOCALLY ASSIGNED LC-TYPE CALL NUMBER (OCLC); LOCAL CALL NUMBER (RLIN)
Classification number (OCLC) (R) ; Classification number, CALL (RLIN) (NR) 410.1619
100 1# - MAIN ENTRY--PERSONAL NAME
Personal name 施義雄
245 10 - TITLE STATEMENT
Title 盡信醫不如無醫 /
Statement of responsibility, etc. 施義雄著
250 ## - EDITION STATEMENT
Edition statement 初版
260 ## - PUBLICATION, DISTRIBUTION, ETC.
Place of publication, distribution, etc. 新北市板橋區 :
Name of publisher, distributor, etc. 華夏出版 ;
Place of publication, distribution, etc. 新北市中和區 :
Name of publisher, distributor, etc. 貿騰發賣總經銷,
Date of publication, distribution, etc. 2024.02
300 ## - PHYSICAL DESCRIPTION
Extent 170面 :
Other physical details 圖 ;
Dimensions 21公分
490 1# - SERIES STATEMENT
Series statement Sunny文庫 ;
Volume/sequential designation 318.
650 #7 - SUBJECT ADDED ENTRY--TOPICAL TERM
Topical term or geographic name entry element 醫學倫理
Source of heading or term lcstt.
830 #0 - SERIES ADDED ENTRY--UNIFORM TITLE
Uniform title Sunny文庫 ;
Volume/sequential designation 318.
942 ## - ADDED ENTRY ELEMENTS (KOHA)
Source of classification or shelving scheme 中文圖書分類法
Koha item type 一般圖書
Holdings
撤銷狀態 遺失狀態 分類號來源 損壞狀態 不外借 永久館藏地 現在館藏地 書架位置 採購日期 全部借出 全部續借 完整索書號 條碼號 最後一次日期記錄 Date last checked out 一般價格有效日期 Koha館藏類型 公開資訊
未註銷館藏 未遺失 中文圖書分類法 未損毀 可外借 怡仁綜合醫院圖書館 怡仁綜合醫院圖書館   2025-07-01 1 1 410.1619 C03226 2025-09-05 2025-08-18 2025-07-01 一般圖書 一家家的醫院有如冰山,在等著TITANIC的到來;也像滿坑滿谷的地雷,隨時都可以讓您粉身碎骨。 您不緊張,我可真為您捏一把冷汗,請趕快懸崖勒馬,否則受害者可能不祇您我而已。 當我們賠上整個西方文明時,才夠爽嗎?
怡仁醫院| 地址:32643桃園市楊梅區楊新北路321巷30號 | 服務專線:03-4855566 | 電子郵件信箱:
Copyright © 1996 CHC Hospital